|
|
|
|
| LEADER |
00000nam2a2200000 4500 |
| 001 |
352952 |
| 005 |
20231102010540.0 |
| 035 |
|
|
|a (RuTPU)RU\TPU\retro\9871
|
| 035 |
|
|
|a RU\TPU\retro\9863
|
| 090 |
|
|
|a 352952
|
| 100 |
|
|
|a 20200221d1939 k y0rusy50 ca
|
| 101 |
0 |
|
|a rus
|a eng
|
| 102 |
|
|
|a RU
|
| 200 |
0 |
|
|a № 1
|e [сборник]
|
| 210 |
|
|
|a Ленинград
|c ОНТИ
|d 1939
|
| 215 |
|
|
|a 99 с.
|
| 225 |
1 |
|
|a Раздел металлургии
|v Вып. 1
|
| 461 |
|
1 |
|0 (RuTPU)RU\TPU\retro\9681
|t Труды Ленинградского индустриального института
|o [сборник]
|f Ленинградский индустриальный институт (ЛИИ)
|v № 1
|d 1936-1940
|
| 517 |
1 |
|
|a Transactions of the Leningrad Industrial Institute
|
| 606 |
1 |
|
|a Металлургия общая
|2 stltpush
|3 (RuTPU)RU\TPU\subj\43016
|9 62604
|
| 610 |
1 |
|
|a никель
|
| 610 |
1 |
|
|a беспористые осадки
|
| 610 |
1 |
|
|a получение
|
| 610 |
1 |
|
|a криолит-глинозем
|
| 610 |
1 |
|
|a электролиз
|
| 610 |
1 |
|
|a фтористые соли
|
| 610 |
1 |
|
|a плотность
|
| 610 |
1 |
|
|a расплавленные соли
|
| 610 |
1 |
|
|a цепи Даниэля
|
| 610 |
1 |
|
|a электродвижущие силы
|
| 610 |
1 |
|
|a высокие температуры
|
| 610 |
1 |
|
|a никелевая проволока
|
| 610 |
1 |
|
|a золочение
|
| 712 |
0 |
2 |
|a Ленинградский индустриальный институт (ЛИИ)
|c (1934-1940)
|2 stltpush
|3 (RuTPU)RU\TPU\col\16262
|
| 801 |
|
1 |
|a RU
|b 63413507
|c 20160623
|
| 801 |
|
2 |
|a RU
|b 63413507
|c 20200208
|g RCR
|
| 801 |
|
2 |
|a RU
|b 63413507
|c 20220414
|g RCR
|
| 942 |
|
|
|c BK
|